000 00640nam a2200145 a 4500
008 120416s2001 ||||||||||||||||| || u
050 _aGOV.ZAM(05)NASB/2001/8
110 _aGovernment of the Republic of Zambia. Central Statistical Office
245 1 0 _aNational accounts statistical bulletin
_cBy Central Statistical Office (C.S.O)
260 _aLusaka:
_bCentral Statistical Office (CSO)-Zambia
_c2001
300 _a32p.: ill.
350 _a0.00
650 _aSTATISTICS--ZAMBIA
995 _D0.00
_FCBU-MAIN LIBRARY (Kitwe)
_H1
_I0.00
_M1
_UAVAILABLE
_WFeb 13, 2009
_ZZambiana Collection
999 _c51887
_d51887